00886 a2200193 4500003000500000005001700005040000900022082001400031100002500045245005300070260003500123300001100158505032300169600001900492650002700511942001200538999001900550952012300569Nust20221024094929.0 cNust a621.3,DEN aDe, Nisit K.9101176 aElectric drives /cNisit K. De & Prasanta K. Sen aPrentice HallbNew Delhic1999 a314 p. aIntroduction (Page-1), Speed-torque Characteristics of Motors (Page-8), Speed control of Dc Motors (Page-60), Speed Control of Ac Motors (Page-119), Heating and Power Rating of Drive Motors (Page-166), Transients and Dynamics (Page-198), Motor Starters and Controllers (Page-250), Industrial Applications (Page-267).  aN K De9101177 aElectric drives956254 2ddccBK c180273d180273 00102ddc4070aMCSbMCScGENd2016-12-12o621.3,DENpMCS27814r2016-12-08w2016-12-12yBKzAlmirah No.28, Shelf No.1